Normal view
MARC view
- إسلام و تربية و تعليم
Entry Topical Term
001 - CONTROL NUMBER
- control field: 31803
003 - CONTROL NUMBER IDENTIFIER
- control field: JO-AjAnu
005 - DATE AND TIME OF LATEST TRANSACTION
- control field: 20230606075342.0
008 - FIXED-LENGTH DATA ELEMENTS
- fixed length control field: 230606|| aca||aabn | a|a d
040 ## - CATALOGING SOURCE
- Original cataloging agency: JO-AjAnu
- Transcribing agency: JO-AjAnu
150 ## - HEADING--TOPICAL TERM
- Topical term or geographic name entry element: إسلام و تربية و تعليم
670 ## - SOURCE DATA FOUND
- Source citation: Work cat.: (JO-AjAnu)16329: الصمادي،ناديا مؤلف/بني عطا،سيرين م.مشارك, author 31802, العلاقة التربوية بين العالم والمتعلم:رؤية إسلامية